000 00441nam a2200169Ia 4500
003 OSt
005 20260303155713.0
008 211028s2005 xx 000 0 und d
040 _cAIMIT LIBRARY
041 _aeng
100 _aDamodar, Poojari Mohan;Manimozhi, R.
_g299761
_92443
110 _aManimozhi, R.
_92444
245 _aSMS companion /
260 _aBangalore
_c2005
710 _aDucont India Pvt. Ltd
_92445
942 _2ddc
_cPRO
999 _c216899
_d216899